Juicio ejecutivo /
Guardado en:
| Autor Principal: | |
|---|---|
| Formato: | Libro |
| Idioma: | Spanish |
| Publicado: |
Ciudad Autónoma de Buenos Aires :
20XII Grupo Editorial,
2016.
|
| Edición: | 1a. ed. |
| Materias: | |
| Etiquetas: |
Agregar Etiqueta
Sin Etiquetas, Sea el primero en etiquetar este registro!
|
| LEADER | 00823nam a22001695a 4500 | ||
|---|---|---|---|
| 001 | DER.der013982 | ||
| 008 | 190905s2016####ag############000#0#spa#d | ||
| 005 | 20241101112844.0 | ||
| 245 | 1 | 0 | |a Juicio ejecutivo / |c Jorge Donato. |
| 250 | |a 1a. ed. | ||
| 260 | |a Ciudad Autónoma de Buenos Aires : |b 20XII Grupo Editorial, |c 2016. | ||
| 300 | |a 768 p. | ||
| 500 | |a Títulos ejecutivos, instrumentos públicos y privados. Confesión de deuda líquida y exigible. Crédito por alquileres y expensas. Letra de cambio., pagare y cheque. preparación de la vía ejecutiva. Sentencia. Recursos. Cumplimiento de la sentencia de remate: embargo, subasta, martillero. Liquidación, pago, fianza, y preferencias. | ||
| 020 | |a 9789874016126 | ||
| 100 | 1 | |a Donato, Jorge D. | |
| 650 | 7 | |a DERECHO BANCARIO | |
| 859 | |a DERECHO |b BIB. DERECHO |h 347.072 |i DON |p 009143 | ||
